000 00630nam a2200205Ia 4500
003 GCL
008 140319s9999 xx 000 0 ara d
040 _aGCL /
_cGCL
082 0 4 _a350.87
_bص د
100 1 _aصفوت العالم
245 1 0 _aدراسات فى الاعلام المرورى /
_cصفوت العالم
300 _a167 ص
490 _aالهيئة العامة للاستعلامات
_v0
650 0 4 _aالمرور
650 0 4 _aالمواصلات
650 0 4 _aوسائل الاعلام
650 0 4 _aالمرور - اشارات وعلامات
650 0 4 _aالمرور - نظام
942 _2ddc
_cBK
999 _c52178
_d52178